| 000 | 00434nam a22001577a 4500 | ||
|---|---|---|---|
| 020 | _a9788126543953 | ||
| 040 | _cNust | ||
| 082 |
_a620.1 _bMER |
||
| 100 |
_aMeriam, L. J: _9123373 |
||
| 110 |
_aKraige, G. L _9123374 |
||
| 245 | _aEngineering Mechanics Dynamics | ||
| 250 | _a7th Edition | ||
| 260 |
_aIndia: _bJohn Wiley & Sons Inc, _c2016. |
||
| 650 |
_aDEE Textbook. Engineering Mechanics Dynamics: _991780 |
||
| 942 |
_2ddc _cTEXT |
||
| 999 |
_c609636 _d609636 |
||